000 01026nam a2200265Ia 4500
003 GCL
008 140319s9999 xx 000 0 ara d
040 _aGCL /
_cGCL
082 0 4 _aق
_b303.38962
_bن ر
100 1 _aرؤوف عباس
245 1 0 _aالرفض والاحتجاج فى المجتمع المصرى فى العصر العثمانى /
_cرؤوف عباس
700 1 _aناصر ابراهيم
250 _aالاولى
260 _aالقاهرة :
_bمركز البحوث والدراسات الاجتماعية ،
_c2004
300 _a337 ص ؛
_c24 سم
650 0 4 _aمصر - الاحوال الاقتصادية
650 0 4 _aمصر - تاريخ - العصر العثمانى ( 1517-1914 م )
650 0 4 _aالسخرة
650 0 4 _aالمقالات السياسية
650 0 4 _aالامثال الشعبية - مصر
650 0 4 _aالامثال الشعبية - مصر - العصر العثمانى
650 0 4 _aالعرضحالجى
650 0 4 _aالاحتجاج
942 _2ddc
_cBK
999 _c57595
_d57595